Management
This edition aims to equip students with a solid foundation in the essentials of an introductory management class and introduces students to current trends, theories and issues in the dynamic field of management. Real-world examples are featured in the text.
Đã lưu trong:
| Príomhúdar: | |
|---|---|
| Formáid: | Leabhar |
| Teanga: | Undetermined |
| Foilsithe: |
Fort Worth
Dryden Press
1997
|
| Ábhair: | |
| Clibeanna: |
Cuir Clib Leis
Gan Chlibeanna, Bí ar an gcéad duine leis an taifead seo a chlibeáil!
|
| Thư viện lưu trữ: | Trung tâm Học liệu Trường Đại học Cần Thơ |
|---|
| LEADER | 00761nam a2200193Ia 4500 | ||
|---|---|---|---|
| 001 | CTU_227676 | ||
| 008 | 210402s9999 xx 000 0 und d | ||
| 082 | |a 658 | ||
| 082 | |b D124 | ||
| 100 | |a Daft, Richard L. | ||
| 245 | 0 | |a Management | |
| 245 | 0 | |c Richard L. Daft | |
| 260 | |a Fort Worth | ||
| 260 | |b Dryden Press | ||
| 260 | |c 1997 | ||
| 520 | |a This edition aims to equip students with a solid foundation in the essentials of an introductory management class and introduces students to current trends, theories and issues in the dynamic field of management. Real-world examples are featured in the text. | ||
| 650 | |a Quản lý công nghiệp,Industrial management | ||
| 910 | |b dqhieu | ||
| 980 | |a Trung tâm Học liệu Trường Đại học Cần Thơ | ||